| 000 | 00458nam a2200157Ia 4500 | ||
|---|---|---|---|
| 005 | 20250415150420.0 | ||
| 008 | 231217s9999 xx 000 0 und d | ||
| 020 | _a9788131405376 | ||
| 082 | _a658.11 MUT.2;1 R | ||
| 100 | _aMuthukumar, R ed. | ||
| 245 | 0 | _aCase studies on mergers, acquisitions and alliances V.2 | |
| 260 |
_c2007 _bIcfai Books _aHyderabad |
||
| 300 | _aiv, 248 | ||
| 650 | _astudies,mergers,,acquisitions,alliances,V.2 | ||
| 942 | _cAA | ||
| 999 |
_c184217 _d184217 |
||